| 000 | 01157cam a22003017a 4500 | ||
|---|---|---|---|
| 999 |
_c21666 _d21666 |
||
| 001 | 16878563 | ||
| 005 | 20170123081923.0 | ||
| 008 | 110719s2011 enkae bc 000 0 eng d | ||
| 010 | _a 2011431406 | ||
| 020 | _a9780714111780 | ||
| 020 | _a0714111783 | ||
| 035 | _a(OCoLC)ocn704396552 | ||
| 040 |
_aBTCTA _beng _cBTCTA _dYDXCP _dCDX _dNDD _dDLC |
||
| 042 | _alccopycat | ||
| 050 | 0 | 0 |
_aN7302 _b.S546 2011 |
| 100 | 1 | _aSimpson, St John. | |
| 245 | 1 | 4 |
_aThe Begram hoard : _bIndian ivories from Afghanistan / _cSt John Simpson. |
| 260 |
_aLondon : _bBritish Museum Press, _c2011. |
||
| 300 |
_a96 p. : _bill. (chiefly col.), plans ; _c19 cm. |
||
| 500 | _aCatalog of an exhibition held at the British Museum, Mar. 3-July 3, 2011. | ||
| 504 | _aIncludes bibliographical references. | ||
| 650 | 0 |
_aArt, Indic _zAfghanistan _vExhibitions. |
|
| 710 | 2 | _aBritish Museum. | |
| 942 |
_2lcc _cBOOKS _hN7302 .S546 2011 |
||